|
|
|
|
| LEADER |
00000nam a2200000 i 4500 |
| 001 |
DIGTRO0298 |
| 003 |
NyNyDIG |
| 007 |
cr ||||||||||| |
| 008 |
240816s2023 sp ob 000 0 spa d |
| 006 |
m o d |
| 035 |
|
|
|a (OCoLC)1411307076
|
| 040 |
|
|
|a DGITA
|b eng
|e rda
|e pn
|c DGITA
|
| 020 |
|
|
|a 9788413642222
|q eBook
|q ePub
|
| 020 |
|
|
|z 9788413641973
|
| 041 |
1 |
|
|a spa
|h gre
|
| 050 |
1 |
4 |
|a B582.S7 ebook
|
| 100 |
0 |
|
|a Marcus Aurelius,
|c Emperor of Rome,
|d 121-180,
|e author.
|
| 240 |
1 |
0 |
|a Meditations.
|k Selections.
|l Spanish
|s (Capella and Vassallo)
|
| 245 |
1 |
0 |
|a Pensamientos. Cartas /
|c Marco Aurelio ; edición de Jorge Cano ; traducción de Juan-Ramón Capella y Víctor M. Vassallo.
|
| 264 |
|
1 |
|a Madrid :
|b Editorial Trotta,
|c [2023]
|
| 300 |
|
|
|a 1 online resource.
|
| 336 |
|
|
|a text
|b txt
|2 rdacontent
|
| 337 |
|
|
|a computer
|b c
|2 rdamedia
|
| 338 |
|
|
|a online resource
|b cr
|2 rdacarrier
|
| 347 |
|
|
|a text file
|2 rdaft
|
| 347 |
|
|
|b PDF
|
| 347 |
|
|
|b EPUB
|
| 490 |
1 |
|
|a Colección Torre del aire
|
| 504 |
|
|
|a Includes bibliographical references.
|
| 588 |
0 |
|
|a Online resource; title from ePub title page (Digitalia, viewed August 16, 2024)
|
| 650 |
|
0 |
|a Ethics
|v Early works to 1800.
|
| 650 |
|
0 |
|a Stoics
|v Early works to 1800.
|
| 600 |
0 |
0 |
|a Marcus Aurelius,
|c Emperor of Rome,
|d 121-180
|v Correspondence.
|
| 600 |
1 |
0 |
|a Fronto, Marcus Cornelius
|v Correspondence.
|
| 700 |
1 |
|
|a Cano Cuenca, Jorge,
|e editor.
|
| 700 |
1 |
|
|a Capella, Juan-Ramón,
|d 1939-
|e translator.
|
| 700 |
1 |
|
|a Vassallo, Víctor M.,
|e translator.
|
| 700 |
0 |
|
|i Translation of:
|a Marcus Aurelius,
|c Emperor of Rome,
|d 121-180.
|t Meditations.
|k Selections.
|
| 791 |
2 |
|
|a Digitalia (Firm),
|e distributor.
|
| 793 |
0 |
|
|g Digitalia eBook Collection:
|a Trotta Editorial
|
| 776 |
0 |
8 |
|i Print version:
|a Marcus Aurelius, Emperor of Rome, 121-180.
|s Meditations. Selections. Spanish (Capella and Vassallo).
|t Pensamientos. Cartas.
|d Madrid : Editorial Trotta, [2023]
|z 9788413641973
|
| 830 |
|
0 |
|a Colección Torre del aire.
|
| 856 |
4 |
0 |
|3 Digitalia Hispánica
|u https://www.digitaliapublishing.com/a/131914/
|
| 910 |
|
|
|a Premium collection: 2024
|